000 01056nam a22003377a 4500
003 CHAP
005 20220817042658.0
008 971013s1974 r 00010 d
010 _a51990
011 _a52962
035 _a57112
040 _cCHAP
090 _aFolleto 680
100 0 0 _aSánchez Colín, Salvador.
_9107431
245 _aCítricos
260 _aMéxico, D.F. :
_bComisión Nacional de Fruticultura,
_c1974
300 _a18 p.
_b: ilus.
490 _aSerie especial: Folleto
_v; 23
500 _ac.4 en bodega
590 _aBATCH-UPD
_b10
_c20130110
_lUCH01
_h1718
590 _aBATCH-UPD
_b10
_c20130410
_lUCH01
_h1102
590 _aBATCH-UPD
_b10
_c20130914
_lUCH01
_h0959
590 _aCONVERSION
_b10
_c20130109
_lUCH01
_h1328
650 1 4 _aCítricos.
_924392
830 0 _aSerie especial Folleto
_v; 23
901 _aBK
942 _cFOLL
949 _aFolleto 680
_bBC
_cFOLL
_d-124398
_eTS1
_i57112
_si
949 _aFolleto 680
_bBC
_cFOLL
_d-124399
_eTS2
_fc.2
_i57112
_si
949 _aFolleto 680
_bBC
_cFOLL
_d-124400
_eTS2
_fc.3
_i57112
_si
999 _c51990
_d51990